Principles of Electric Machines with Power Electronic Applications (Record no. 4229)

MARC details
000 -LEADER
fixed length control field 00449nam a2200145 a 4500
020 ## - INTERNATIONAL STANDARD BOOK NUMBER
ISBN 8126529334 (paperback)
020 ## - INTERNATIONAL STANDARD BOOK NUMBER
ISBN 9788126529339 (paperback)
100 1# - MAIN ENTRY--AUTHOR NAME
Personal name El-Hawary.
245 10 - TITLE STATEMENT
Title Principles of Electric Machines with Power Electronic Applications
300 ## - PHYSICAL DESCRIPTION
Number of Pages 1 v. (unpaged) ;
650 ## - SUBJECT ADDED ENTRY--TOPICAL TERM
Topical Term Electric Machinery
650 ## - SUBJECT ADDED ENTRY--TOPICAL TERM
Topical Term Power Electronics
856 40 - ELECTRONIC LOCATION AND ACCESS
Uniform Resource Identifier http://www.amazon.com/exec/obidos/ASIN/8126529334/chopaconline-20
942 ## - ADDED ENTRY ELEMENTS (KOHA)
Koha item type Books
Holdings
Withdrawn status Lost status Home library Current library Date acquired Cost, normal purchase price Full call number Accession Number Koha item type
    Central Library, QUEST, Nawabshah Central Library, QUEST, Nawabshah 25/05/2014 990.00 621.31042HAW 48422 Books